000 00813nam a22002531a 4500
001 32757
003 AR-RoBPED
005 20260514101126.0
007 ta
008 260513s1985 ag a|||br|||||||1 ||spa
020 _a950130065X
040 _aAR-BaBN
_eaacr
_dAR-RoBPED
041 _aspa
100 1 _aPogliano, Alberto
_916898
245 1 0 _aDimensión 2006 :
_blibro de lectura para 6º grado /
_cAlberto Pogliano ; ilustró Julio César Cotignola.
260 _aBuenos Aires :
_bKapelusz,
_c1985.
300 _a142 p. :
_bil.
650 4 _aARCHIVO INFANTIL
_924464
650 4 _aLIBROS DE LECTURA
_915325
650 4 _aSEXTO GRADO
_91465
700 1 _aCotignola, Julio César
_924943
_eil.
942 _2udc
_aK. 32757
_cBK
_h372.4
_kIA
_mP 74 di
_pInv. 42441
945 _ann 13/05/2026 - cd 14/05/2026
999 _c32757
_d32757